000 00468ntaaa2200181 4500
003 01
005 20251027202118.0
008 0714s1973 ag 01
040 _aAR-BaBN
_bspa
_cAR-BaBN
_eaacr
_dRIC
082 _a253.0000 W67
100 _aWilliams, Jerónimo O
_919587
245 _aPredicador del evangelio y su predicación
250 _a1 ed.
260 _aEl Paso :
_bCasa Bautista de Publicaciones,
_c1951
300 _a101 p
650 _apastor
942 _cBK
999 _c15995
_d15995